| 000 | 00600nam a22002177a 4500 | ||
|---|---|---|---|
| 003 | OSt | ||
| 005 | 20150917075232.0 | ||
| 008 | 121206t xxu||||| |||| 00| 0 eng d | ||
| 020 | _a9715502016 | ||
| 050 |
_aPL 6058.4 _b.Ar668 1985 |
||
| 082 |
_aFIL 899.2113 _bAr2 2005 |
||
| 100 | _aArceo, Liwayway A. | ||
| 245 |
_aCanal de la Reina : _cLiwayway A. Arceo. _bisang nobela / |
||
| 260 |
_aQuezon City, Philippines : _bAteneo de Manila University, _c2005. |
||
| 300 |
_a215 pages ; _c18 cm. |
||
| 650 | _aNovels | ||
| 942 |
_2lcc _cBK _kLOC |
||
| 999 |
_c1463 _d1463 |
||